Mallorca / (Record no. 13364)

MARC details
000 -LEADER
campo de control de longitud fija 00848nam a22002655i 4500
001 - NÚMERO DE CONTROL
campo de control 13364
003 - IDENTIFICADOR DE NÚMERO DE CONTROL
campo de control ES-MaACL
005 - FECHA Y HORA DE LA ÚLTIMA TRANSACCIÓN
campo de control 20230906150545.0
007 - CAMPO FIJO DE DESCRIPCIÓN FÍSICA--INFORMACIÓN GENERAL
campo de control de longitud fija t|
008 - DATOS DE LONGITUD FIJA--INFORMACIÓN GENERAL
campo de control de longitud fija 950522s1995 sp ||||0| spa j
020 ## - NÚMERO INTERNACIONAL ESTÁNDAR DEL LIBRO
Número Internacional Estándar del Libro 84-8023-092-4
040 ## - FUENTE DE CATALOGACIÓN
Centro catalogador/agencia de origen M-BN
Lengua de catalogación spa
Centro/agencia transcriptor M-BN
080 ## - NÚMERO DE LA CLASIFICACIÓN DECIMAL UNIVERSAL
Número de la Clasificación Decimal Universal 914.603.2 Mallorca (036)
100 1# - ENTRADA PRINCIPAL--NOMBRE DE PERSONA
Nombre de persona García Marín, Jesús.
9 (RLIN) 54886
245 10 - MENCIÓN DEL TÍTULO
Título Mallorca /
Mención de responsabilidad, etc. [texto, Jesús García Marín, Antonio Picazo Muntaner, Leandro Garrido Alvarez].
260 ## - PUBLICACIÓN, DISTRIBUCIÓN, ETC.
Lugar de publicación, distribución, etc. Madrid :
Nombre del editor, distribuidor, etc. Gaesa,
Fecha de publicación, distribución, etc. D.L. 1995.
300 ## - DESCRIPCIÓN FÍSICA
Extensión 394 p :
Otras características físicas il. col. y n ;
Dimensiones 22 cm.
490 1# - MENCIÓN DE SERIE
Mención de serie Guía azul
651 #4 - PUNTO DE ACCESO ADICIONAL DE MATERIA--NOMBRE GEOGRÁFICO
Nombre geográfico Mallorca-
Subdivisión de forma Guías turísticas.
9 (RLIN) 9015
700 1# - ENTRADA AGREGADA--NOMBRE PERSONAL
Nombre de persona Picazo Muntaner, Antoni (
Fechas asociadas al nombre 1960-)
9 (RLIN) 91815
700 1# - ENTRADA AGREGADA--NOMBRE PERSONAL
Nombre de persona Garrido Alvarez, Leandro.
9 (RLIN) 55687
830 0# - PUNTO DE ACCESO ADICIONAL DE SERIE-TÍTULO UNIFORME
Título uniforme Guía azul
9 (RLIN) 228407
852 ## - LOCALIZACIÓN
Ubicación ES-MaACL
Número de control de estantería L-20717
Sublocalización o colección R.126276
Holdings
Estatus retirado Estado de pérdida Estado de daño No para préstamo Biblioteca de origen Biblioteca actual Ubicación en estantería Fecha de adquisición Fuente de adquisición Total de préstamos Signatura topográfica completa Código de barras Visto por última vez Precio de reemplazo Tipo de ítem Koha
        Biblioteca del Ateneo de Madrid Biblioteca del Ateneo de Madrid Depósito 2 17/01/2008     L-20717 1013607 23/02/2023 23/02/2023 Libro impreso